Sports Quiz

Random Sports or NBA Quiz
Score 0/16 Timer 04:00
5 Plays Today
Hint Answer % Correct
1Seattle SuperSonics
95.6%
3New Jersey Nets
90.2%
5Vancouver Grizzlies
89.2%
2Charlotte Bobcats
87.2%
8Kansas City Kings
86.1%
10St. Louis Hawks
78.4%
6San Diego Rockets
75.6%
16Baltimore Bullets
74.3%
Hint Answer % Correct
13San Francisco Warriors
56.4%
14Minneapolis Lakers
56.1%
4Buffalo Braves
35.7%
7Cincinnati Royals
32.9%
9Fort Wayne Pistons
32.8%
11Syracuse Nationals
27.7%
12Providence Steam Rollers
27.2%
15Chicago Stags
20.2%
Remove Ads.
Support Sporcle.
Get the best of Sporcle when you Go Orange. This ad-free experience offers more features, more stats, and more fun while also helping to support Sporcle. Thank you for becoming a member.

You're not logged in!

Compare scores with friends on all Sporcle quizzes.
OR
Log In

Show Comments

Extras

Top Quizzes Today


Score Distribution

Your Account Isn't Verified!

In order to create a playlist on Sporcle, you need to verify the email address you used during registration. Go to your Sporcle Settings to finish the process.

Report this User

Report this user for behavior that violates our Community Guidelines.

Details: